000 00600nam a2200193 i 4500
001 77852
003 ES-MaACL
005 20250815062534.0
007 t|
008 041111s1929 sp ||||1| spa d
080 _a910.1:37.02
100 1 _aDantín Cereceda, Juan,
_d1881-1943
_942666
245 1 3 _aLa escuela activa
_b: geografía /
_cpor Juan Dantín Cereceda.
260 _aMadrid :
_bPublicaciones de la Revista de Pedagogía,
_c1929 (
_fTip. Nacional)
300 _a199 p. ;
_c17 cm.
650 0 7 _aGeografía
_2embne
_913070
852 _aES-MaACL
_jE-10336
_bR.133691
999 _c77852
_d77852